• 首页
  • 本馆介绍
  • 公告通知
  • 最新文献
  • 馆藏检索
  • 电子资源
  • 读者导购
  • 参考咨询
  • 我的图书馆
  • 登录
  • 详细信息显示
  • 放入我的书架
  • 预约/预借图书
  • 作者相关作品
  • 分类相关作品
  • 丛书相关作品
  • 出版社相关作品

书目信息

  • 表格格式
  • 工作单格式
  • 卡片格式
题名:
引导绿色创新
    
 
作者: 赵细康 著
分册:  
出版信息: 北京   经济科学出版社  2006
页数: 247页
开本: 21cm
丛书名: 产业经济学博士文库
单 册:
中图分类: F124.3
科图分类:
主题词: 环境政策--关系--技术革新--研究--中国
电子资源:
ISBN: 7-5058-5512-3
000 01293oam2 2200301 450
001 012004053611
005 20070807144816.76
009 012004053611
010    @a7-5058-5512-3@dCNY19.00
035    @a(110019)012006057014
100    @a20060712d2006 em y0chiy0110 ea
101 0  @achi@deng
102    @aCN@b110000
105    @ay z 000yy
106    @ar
200 1  @a引导绿色创新@Ayin dao lv se chuang xin@e技术创新导向的环境政策研究@Eji shu chuang xin dao xiang de huan jing zheng ce yan jiu@dLead to green innovation@eresearch of innovation-oriented environmental policy@f赵细康著@Fzhao xi kang zhu@zeng
210    @a北京@c经济科学出版社@d2006
215    @a247页@d21cm
225 2  @a产业经济学博士文库@Achan ye jing ji xue bo shi wen ku
330    @a本书分为八章,内容包括:环境政策与技术创新的关系、环境政策对技术创新的激励、不同环境政策手段对技术创新的影响等。
461  0 @12001 @a产业经济学博士文库
510 1  @aLead to green innovation@eresearch of innovation-oriented environmental policy@zeng
517 1  @a技术创新导向的环境政策研究@Aji shu chuang xin dao xiang de huan jing zheng ce yan jiu
606 0  @a环境政策@x关系@x技术革新@x研究@y中国
690    @aF124.3@v4
701  0 @a赵细康@Azhao xi kang@4著
801  0 @aCN@b110019@c20070807
905    @dF124.3@e109@f1
    
    引导绿色创新:技术创新导向的环境政策研究=Lead to green innovation:research of innovation-oriented environmental policy/赵细康著.-北京:经济科学出版社,2006
    247页;21cm.-(产业经济学博士文库)
    
    
    ISBN 7-5058-5512-3:CNY19.00
    本书分为八章,内容包括:环境政策与技术创新的关系、环境政策对技术创新的激励、不同环境政策手段对技术创新的影响等。
●
相关链接 在E读中查询图书 在五车中查询图书 在当当中查询图书 在豆瓣中查询图书


正题名:引导绿色创新     索取号:F124.3/109         预约/预借

序号 登录号 条形码 馆藏地/架位号 状态 备注
1 0852967   208529671   第一样本阅览室/ [索取号:F124.3/109] 在馆    
唐山师范学院图书馆 欢迎您!
大连网信软件有限公司© 版权所有